000 005050000a22001690004500
003 MACL
005 20160609153059.0
008 160609b xxu||||| |||| 00| 0 eng d
040 _aMACL
_cMACL
041 _aHindi
082 _a333
100 _aप्रभात प्रकाशन
_963541
245 _aपर्यावरण और हम
260 _bप्रभात प्रकाशन
_c1998
_aनई दिल्‍ली
650 _aEnvironment
_963542
942 _cHIN
_k333
_2ddc
999 _c30152
_d30152